[Paroles] Je la connais SCH - Statistiques

Statistiques générales
  • Ce quiz a été pris 92 fois
  • Le résultat moyen est 260 sur 328
Statistiques - réponses
Réponse % Correct
J'
100%
j'
100%
mes
98%
à
97%
la
97%
de
95%
je
95%
Je
95%
95%
ou
95%
pas
95%
Pas
95%
qu'
95%
ce
94%
connais
94%
ma
94%
par
92%
peau
92%
ai
91%
j'en
91%
J'ouvre
91%
moi
91%
Ouais
91%
ouais
91%
paupières
91%
qui
91%
C'est
89%
c'est
89%
créature
89%
devant
89%
faire
89%
foutre
89%
que
89%
rêve
89%
rien
89%
sa
89%
j'la
88%
J'te
88%
lui
88%
prénom
88%
son
88%
Son
88%
même
86%
Oh
86%
oh
86%
Dans
85%
dans
85%
fait
85%
J'ai
85%
j'peux
85%
J'pourrais
85%
boule
83%
ça
83%
croire
83%
d'une
83%
j'veux
83%
mens
83%
parle
83%
t'es
83%
tes
83%
toi
83%
un
83%
vu
83%
maintenant,
82%
maintenant
82%
ta
82%
sais
79%
tête
79%
Tu
79%
tu
79%
vrai
79%
une
77%
y'a
77%
déduis
76%
robe
76%
terre
76%
tomber
76%
deux
74%
d'eux
74%
d'hier
74%
laisses
74%
née
74%
j'reconnais
73%
nous
73%
qu'on
73%
salle
73%
bain
71%
en
71%
nue,
71%
beauté
70%
J'me
70%
meuf
70%
Franchement
68%
Mais
68%
mais
68%
pièce
68%
principale
67%
si
67%
demande
65%
libido
65%
manque
65%
vraie
65%
au
64%
et
64%
les
64%
môme
64%
tords
64%
temps
62%
brasser
59%
fort
59%
l'air
59%
Non
59%
constamment
58%
formes,
58%
île
58%
sur
58%
aille
56%
hologramme
56%
large
56%
serrer
56%
plus,
55%
bébé
53%
vraiment
53%
loin
52%
On
52%
t'aimes
52%
j'avoue
48%
J'vois
45%
rennes
44%
m'emballe
42%
vois
42%
j'crois
41%
Regarde
41%
tiens
41%
yeux,
41%
finit
38%
l'heure
38%
bah
36%
sans
36%
peine
33%
t'emmène
33%
dors
32%
J'sais
29%
Kore
29%
TVA
27%
qu'ils
26%
voudront
24%
villa
23%
Achetons
20%
bientôt
20%
grande
20%
Aucun quiz correspondant
Distribution des résultats
% des personnes avec chaque résultat
Percentile par nombre de réponses
Votre historique - résultats
Vous n’avez pas pris ce quiz